भारतीय चित्रकला / (Record no. 14238)

MARC details
000 -LEADER
fixed length control field 00928nam a22002057a 4500
005 - DATE AND TIME OF LATEST TRANSACTION
control field 20080707110957.0
008 - FIXED-LENGTH DATA ELEMENTS--GENERAL INFORMATION
fixed length control field 080707t xxu||||| |||| 00| 0 hin d
010 ## - LCCN (DPL NO)
LC control number HIN-46150
020 ## - INTERNATIONAL STANDARD BOOK NUMBER
Terms of availability 250.00
035 ## - SYSTEM CONTROL NUMBER
System control number HN-27405
037 ## - SOURCE OF ACQUISITION
Source of stock number/acquisition DBAD
040 ## - CATALOGING SOURCE
Original cataloging agency dpl
Language of cataloging HN
082 ## - DEWEY DECIMAL CLASSIFICATION NUMBER
Classification number 759.954 / अग्रवा
100 ## - MAIN ENTRY--PERSONAL NAME
Personal name अग्रवाल, श्यामबिहारी
245 ## - TITLE STATEMENT
Title भारतीय चित्रकला /
Statement of responsibility, etc श्यामबिहारी अग्रवाल
260 ## - PUBLICATION, DISTRIBUTION, ETC. (IMPRINT)
Place of publication, distribution, etc इलाहाबाद
Name of publisher, distributor, etc रूपशिल्प प्रकाशन
Date of publication, distribution, etc 1996
300 ## - PHYSICAL DESCRIPTION
Extent भा-1, (2,196पृ.).
Dimensions 23सेमी.
942 ## - ADDED ENTRY ELEMENTS (KOHA)
Source of classification or shelving scheme Dewey Decimal Classification
Item type Hindi Books
Classification part 759.954
Call number suffix अग्रवा
Holdings
Withdrawn status Lost status Source of classification or shelving scheme Damaged status Not for loan Collection code Home library Current library Date acquired Cost, normal purchase price Total Checkouts Full call number Barcode Date last seen Copy number Cost, replacement price Koha item type
    Dewey Decimal Classification   Not For Loan Non-fiction D.B.Act.Division D.B.Act.Division 07/07/2008 250.00   759.954 / अग्रवा HN-27405 15/09/2008 1 250.00 Hindi Books

© Delhi Public Library
Hit Counter
free hit counter